000 00640nam a22001217a 4500
008 110620t xxu||||| |||| 00| 0 eng d
010 _aCACAF59
245 _aThe Court of Appeal Civil Appeal No.71 of 2001 Richards Desmond Kaggwa Vs Nile Bank Ltd.
260 _c2001
500 _aCoram: Hon. Justice L.E.M. Mukasa- Kikonyogo, D.C.J Hon. Justice A. Twinomujuni ,JA Hon. Justice C.N.B. Kitumba, J.A
500 _aArising from the judgment of the Principle Judge (Ntabgoba, PJ) dated 20th June 2001 in HCCS No. 740 of 1994
999 _c3292
_d3292